Compte general : Catrisa : exercici ... Catrisa :
Descripción Física:
30 cm
Otros Autores:
CATRISA, Sociedad de Gestión Catastral y Tributaria
MARC
| LEADER | 00000nam a2200000Ia 4500 | ||
|---|---|---|---|
| 001 | 19096 | ||
| 008 | 160829s9999 xx 000 0 cat d | ||
| 080 | |a Pressupostos | ||
| 110 | 1 | |a Barcelona (Catalunya : Província). |b Diputació |9 52408 | |
| 245 | |a Compte general : |b Catrisa : |b exercici ... | ||
| 260 | |a [Barcelona] : |b la Diputació, [s.a.] | ||
| 300 | |a 30 cm | ||
| 590 | |a Variant de títol: Cuentas anuales | ||
| 610 | 1 | 0 | |a Barcelona (Catalunya : Província). |b Diputació |x Assignacions pressupostàries i despeses |9 53789 |
| 650 | |a Finances públiques |x Barcelona (Província) |9 36756 | ||
| 650 | |a Despeses públiques |x Barcelona (Província) |9 38245 | ||
| 700 | |a CATRISA, Sociedad de Gestión Catastral y Tributaria |9 21112 | ||
| 710 | 1 | |a Barcelona (Catalunya : Província). |b Servei d'Intervenció |9 55057 | |
| 866 | |a 1992 | ||
| 901 | |a Arxiu | ||
| 942 | |n 1 | ||
| 952 | |0 0 |1 0 |4 0 |6 PRESSUPOSTOS |7 1 |9 44212 |a Arxiu |b Arxiu |d 2016-12-01 |l 0 |o Pressupostos |p 19096 |r 2016-12-01 00:00:00 |w 2016-12-01 |y ARXIU | ||
| 999 | |c 46792 |d 46792 | ||